|
|
|
|
| LEADER |
00000nam0a2200000 4500 |
| 001 |
355717 |
| 005 |
20231102010825.0 |
| 035 |
|
|
|a (RuTPU)RU\TPU\retro\12977
|
| 090 |
|
|
|a 355717
|
| 100 |
|
|
|a 20200710d1973 m y0rusy50 ca
|
| 101 |
0 |
|
|a rus
|
| 102 |
|
|
|a RU
|
| 105 |
|
|
|a ac z 001zy
|
| 200 |
1 |
|
|a Танки идут на Берлин. (1941-1945)
|f А. Л. Гетман
|
| 210 |
|
|
|a Москва
|c Наука
|d 1973
|
| 215 |
|
|
|a 392 с.
|c ил.
|
| 225 |
1 |
|
|a Вторая мировая война в исследованиях воспоминаниях документах
|
| 320 |
|
|
|a Указ. имен: с. 376-380
|
| 320 |
|
|
|a Указатель географических названий: с. 381-389
|
| 606 |
1 |
|
|a Танковые войска в Великой Отечественной войне 1941-1945
|2 stltpush
|3 (RuTPU)RU\TPU\subj\66662
|9 82713
|
| 610 |
1 |
|
|a Великая Отечественная война 1941-1945
|
| 610 |
1 |
|
|a боевые операции
|
| 610 |
1 |
|
|a наступательные операции
|
| 610 |
1 |
|
|a Берлинская операция
|
| 610 |
1 |
|
|a танкисты
|
| 610 |
1 |
|
|a воспоминания
|
| 686 |
|
|
|a Т3(2)622-35:Т53
|v LBC/SL-A
|2 rubbk
|
| 700 |
|
1 |
|a Гетман
|b А. Л.
|g Андрей Лаврентьевич
|
| 801 |
|
1 |
|a RU
|b 63413507
|c 20200710
|
| 801 |
|
2 |
|a RU
|b 63413507
|c 20210301
|g RCR
|
| 942 |
|
|
|c BK
|